Filosofía y catástrofe : Nietzsche y la devastación de la política /

Na minha lista:
Detalhes bibliográficos
Autor principal: Portales, Gonzalo (autor)
Formato: Livro
Idioma:espanhol
Publicado em: Santiago, Chile : Universidad ARCIS, 2002, c2002
Colecção:(Dirección Unica)
Assuntos:
Tags: Adicionar Tag
Sem tags, seja o primeiro a adicionar uma tag!

MARC

LEADER 00000nam^a2200000^a^4500
001 000169385
005 20250521000000.0
009 20260310101232.545
020 |a 956-8114-21-1 
037 |a Acervo ITESO - Biblioteca 
041 |a ESP 
082 |a 149. 8  |b NIE EST POR 
100 |a Portales, Gonzalo  |e (autor) 
245 1 0 |a Filosofía y catástrofe :  |b Nietzsche y la devastación de la política /  |c G. Portales. 
264 4 |a Santiago, Chile :  |b Universidad ARCIS,  |c 2002, c2002 
300 |a 227 p. 
336 |a texto  |b txt  |2 rdacontenido 
337 |a sin mediación  |b n  |2 rdamedio 
338 |a volumen  |b nc  |2 rdasoporte 
440 1 |a (Dirección Unica) 
649 |a XX 
650 |a Filósofos Alemanes 
650 |a Racismo 
650 |a Nazismo 
650 |a Ideología 
650 |a Filosofía Política 
650 |a Nihilismo -  |x Historia y Crítica 
650 |a Vitalismo -  |x Historia y Crítica 
650 |a Irracionalismo -  |x Historia y Crítica 
650 |a Filosofía del Siglo XIX -  |x Historia y Crítica 
650 |a Filosofía Alemana -  |x Historia y Crítica 
650 |a Nietzsche, Friedrich -  |x Tema Principal 
910 |a Fondo General 
920 |a Impresos - Libros 
930 |a Colección General 
905 |a 101 
901 |a 0500106306  |b IT1  |c ACC  |u 20250521 
902 |a https://opac.biblio.iteso.mx/vufind/Record/000169385